01276nam a2200241 4500003000800000005001700008008004100025040002600066041000800092092002500100100003300125245028800158260003400446300001600480502013900496504005100635530006200686650004700748650012800795830008100923942001301004999001701017DO-SdUA20250325093535.0 s2020 dr a|| |||| 0 |a||0|spa d aDO-SdUAbspacDO-SdUA0 aspa aMA-EFD 0072 FCE 20201 aPérez Díaz, Julio Cesar 10aIncidencia de la práctica docente en el aprendizaje del saque por arriba de frente en voleibol en los estudiantes de 3ro de secundaria en la Escuela Nicolás Ureña de Mendoza del Distrito Educativo 15-05, Distrito Nacional, año escolar 2018-2019 /cJulio Cesar Pérez Díaz. aSanto Domingo :bUASD,c2020. a67, 33 h. : aTesis y trabajo de grado (Maestría en Educación Física y Deporte)--Universidad Autónoma de Santo Domingo, Santo Domingo, 2020. aIncluye referencias bibliográficas y anexos. aTambién disponible en CD-ROM (CD MA-EFD 0072 FCE 2020). 72lemb924216aPrácticas de la enseñanza 0aSaque (Voleibol)xTécnicasxEnseñanza secundariaxMetodologíaxInvestigacionesxCasosvEstrategia y técnicas958852 aTesis y disertaciones académicas (Universidad Autónoma de Santo Domingo) 2clcTn0 c12642d12642